[Event "Iberoamerican-ch 9th"]
[Site "Panama City"]
[Date "2023.11.29"]
[Round "6"]
[White "Gomes Barranco, Manuel Ignacio"]
[Black "Guevara Ruiz, Santiago Jose"]
[Result "0-1"]
[WhiteElo "1160"]
[BlackElo "1885"]
[PlyCount "56"]
[EventDate "2023.11.25"]
[EventType "swiss"]
[EventRounds "9"]
[EventCountry "PAN"]
[SourceTitle "CB49_2023"]
[SourceDate "2023.12.06"]
[SourceVersion "1"]
[SourceVersionDate "2023.12.06"]
[SourceQuality "1"]

1. e4 c5 2. c3 e6 3. d4 d5 4. exd5 exd5 5. Nf3 Nf6 6. Bd3 Be7 7. 0-0 0-0 8. Bg5 Bg4 9. Nbd2 cxd4 10. cxd4 Nc6 11. h3 Bh5 12. Nb3 h6 13. Bh4 Ne4 14. Bxe7 Qxe7 15. Re1 Rfe8 16. Nbd2 Nxd4 17. Bxe4 dxe4 18. g4 Nxf3+ 19. Nxf3 Bg6 20. Nd2 Rad8 21. Qe2 h5 22. gxh5 Qg5+ 23. Kf1 Bxh5 24. Qc4 Qxd2 25. Rac1 Qd3+ 26. Qxd3 exd3 27. Rxe8+ Rxe8 28. Re1 Be2+ 0-1

[Event "Panama op 4th"]
[Site "Panama City"]
[Date "2023.11.10"]
[Round "9"]
[White "Gomes Barranco, Manuel Ignacio"]
[Black "Shayegan Fernandez, Yeisie Behroo"]
[Result "1-0"]
[WhiteElo "1160"]
[BlackElo "1191"]
[PlyCount "99"]
[EventDate "2023.11.06"]
[EventType "swiss"]
[EventRounds "9"]
[EventCountry "PAN"]
[SourceTitle "CB46_2023"]
[SourceDate "2023.11.15"]
[SourceVersion "1"]
[SourceVersionDate "2023.11.15"]
[SourceQuality "1"]

1. e4 c6 2. d4 d5 3. e5 Bf5 4. Nf3 e6 5. Be2 Nd7 6. 0-0 Ne7 7. Be3 c5 8. c3 Ng6 9. Nbd2 Be7 10. Bb5 0-0 11. Qe2 cxd4 12. cxd4 Rc8 13. Rac1 Rxc1 14. Rxc1 a6 15. Bd3 Bxd3 16. Qxd3 b5 17. Nb3 Nb6 18. Nc5 Nc4 19. b3 Nxe3 20. Qxe3 Qa8 21. h3 Rc8 22. b4 a5 23. a3 axb4 24. axb4 Rc7 25. Qd3 Qb8 26. Ra1 Ra7 27. Rxa7 Qxa7 28. Qxb5 Qa1+ 29. Kh2 Qc1 30. Qe8+ Bf8 31. Nd7 Qf4+ 32. Kh1 h6 33. b5 Qc1+ 34. Ng1 Qb2 35. b6 Kh7 36. Nxf8+ Nxf8 37. Qxf8 Qxb6 38. Qc5 Qb2 39. Nf3 Qxf2 40. Kh2 Kg6 41. Qe7 Qe3 42. Nh4+ Kh7 43. Qxf7 Qe4 44. Qxe6 Qf4+ 45. g3 Qf2+ 46. Ng2 Qxd4 47. Qf5+ Kg8 48. e6 Qe4 49. Qf7+ Kh7 50. e7 1-0

[Event "Panama op 4th"]
[Site "Panama City"]
[Date "2023.11.09"]
[Round "7"]
[White "Gomes Barranco, Manuel Ignacio"]
[Black "Robles Medina, Nelson Humberto"]
[Result "0-1"]
[WhiteElo "1160"]
[BlackElo "1691"]
[PlyCount "80"]
[EventDate "2023.11.06"]
[EventType "swiss"]
[EventRounds "9"]
[EventCountry "PAN"]
[SourceTitle "CB46_2023"]
[SourceDate "2023.11.15"]
[SourceVersion "1"]
[SourceVersionDate "2023.11.15"]
[SourceQuality "1"]

1. e4 c5 2. c3 Nc6 3. d4 cxd4 4. cxd4 d5 5. e5 Qb6 6. Nf3 Bg4 7. Be2 Bxf3 8. Bxf3 Qxd4 9. Qxd4 Nxd4 10. Bd1 e6 11. Be3 Bb4+ 12. Nc3 Nc6 13. a3 Bxc3+ 14. bxc3 Nge7 15. Ba4 a6 16. f4 0-0 17. 0-0 Rfc8 18. Rab1 b5 19. Bc2 Na5 20. Bd4 Nc4 21. Ra1 Nc6 22. f5 Nxd4 23. cxd4 Ne3 24. fxe6 fxe6 25. Bxh7+ Kxh7 26. Rf3 Nf5 27. g4 Nxd4 28. Rh3+ Kg6 29. g5 Rc2 30. Rf1 Rac8 31. a4 b4 32. a5 b3 33. Rg3 Ne2+ 34. Kh1 Nxg3+ 35. hxg3 b2 36. g4 Rc1 37. Rxc1 bxc1Q+ 38. Kh2 Qf4+ 39. Kg2 Rc2+ 40. Kg1 Qc1# 0-1

[Event "Panama op 4th"]
[Site "Panama City"]
[Date "2023.11.07"]
[Round "2"]
[White "Gomes Barranco, Manuel Ignacio"]
[Black "Camargo Silva, Samir"]
[Result "0-1"]
[WhiteElo "1160"]
[BlackElo "1616"]
[PlyCount "70"]
[EventDate "2023.11.06"]
[EventType "swiss"]
[EventRounds "9"]
[EventCountry "PAN"]
[SourceTitle "CB46_2023"]
[SourceDate "2023.11.15"]
[SourceVersion "1"]
[SourceVersionDate "2023.11.15"]
[SourceQuality "1"]

1. Nf3 Nf6 2. g3 e6 3. Bg2 Be7 4. 0-0 0-0 5. d4 d5 6. Nbd2 c6 7. e3 Nbd7 8. c4 Bd6 9. c5 Bc7 10. b4 e5 11. dxe5 Nxe5 12. Qc2 a5 13. Bb2 Nxf3+ 14. Nxf3 axb4 15. Ng5 g6 16. f4 Qe7 17. Bd4 h6 18. Qb2 Nd7 19. Nf3 Nxc5 20. Bg7 Qxe3+ 21. Kh1 Nd3 22. Qf6 Bd8 23. Qd4 Qxd4 24. Bxd4 c5 25. Rfd1 Bf5 26. g4 cxd4 27. gxf5 Nf2+ 28. Kg1 Nxd1 29. Rxd1 Rxa2 30. Kf1 Bb6 31. Nxd4 Rd8 32. fxg6 fxg6 33. Nb5 Rf2+ 34. Ke1 Re8+ 35. Be4 Rxe4# 0-1